| 000 | 00649nam a2200229Ia 4500 | ||
|---|---|---|---|
| 008 | 100315s9999 xx 000 0 und d | ||
| 020 | _a8124203393 | ||
| 040 | _cENGLISH | ||
| 082 |
_b4481 _a658 |
||
| 100 | _a"Sethi, Subhash C. " | ||
| 245 | _a25 Minutes to Enhance Your Presentation | ||
| 260 |
_aNew Delhi _bIndiana Books _c2003 |
||
| 300 | _a96p. | ||
| 365 |
_eRupees _d1 _b0.00 |
||
| 366 | _f0 | ||
| 440 | _a25 Minutes | ||
| 505 | _gTushar Jadhav | ||
| 620 | _aPresentation | ||
| 630 | _a25 Minutes to Enhance Your Presentation | ||
| 730 | _a25 Minutes to Enhance Your Presentation | ||
| 942 | _cBOOK | ||
| 999 |
_c479216 _d479213 |
||